Statystyki dla Odgadnij seriale netflixa po jednym z bohaterów

Kliknij tutaj aby rozwiązać quiz!

Ogólne statystyki

  • Ten quiz został rozwiązany 2 312 razy
  • Średni wynik to 6 z 12

Statystyki odpowiedzi

bohaterserial% Poprawnych
Betty Cooperriverdale
75%
el profesorla casa de papel
73%
Dustin Hendersonstranger things
70%
Otis Milburnsex education
65%
Hannah Baker13 reasons why
50%
Clark Griffinthe 100
49%
Chloe Deckerlucifer
47%
Rick Sanchezrick and morty
45%
Anne Shirleyanne with an e
37%
John Watsonsherlock
36%
Tate Langdonamerican horror story
15%
Eunice Noonthe end of the f***ing world
4%

Rozkład punktacji

Percentyl według liczby udzielonych odpowiedzi

Procent ludzi z każdym wynikiem

Twoja historia wyników

Nie rozwiązałeś tego quizu